Countries alphabetically by word length - Statistics

General Stats
  • This quiz has been taken 327 times
    259 since last reset
  • The average score is 60 of 196
Answer Stats
Word Length Country % Correct
4 Cuba
82%
4 Iran
80%
4 Iraq
80%
4 Chad
79%
4 Fiji
78%
4 Togo
78%
4 Oman
77%
4 Peru
76%
4 Laos
73%
4 Mali
73%
5 Benin
69%
5 China
68%
5 Chile
67%
5 Egypt
63%
5 Haiti
63%
5 India
63%
5 Japan
63%
5 Yemen
60%
5 Gabon
59%
5 Ghana
59%
5 Italy
59%
5 Libya
57%
5 Kenya
56%
5 Qatar
56%
5 Spain
56%
5 Samoa
54%
5 Niger
53%
5 Palau
53%
5 Syria
52%
5 Tonga
52%
5 Nauru
51%
5 Nepal
51%
6 Bhutan
50%
6 Canada
50%
7 Albania
48%
6 France
48%
7 Andorra
47%
6 Brazil
47%
5 Sudan
47%
5 Malta
46%
6 Angola
45%
7 Austria
45%
6 Belize
45%
6 Zambia
45%
7 Algeria
44%
6 Jordan
40%
6 Sweden
40%
7 Belgium
39%
6 Brunei
39%
6 Latvia
39%
6 Norway
39%
7 Armenia
38%
7 Bahrain
38%
7 Finland
38%
6 Israel
38%
6 Kuwait
38%
6 Russia
38%
7 Bahamas
37%
7 Belarus
37%
6 Cyprus
37%
6 Greece
37%
6 Guinea
37%
6 Guyana
37%
7 Iceland
37%
7 Ireland
37%
7 Vietnam
37%
6 Turkey
36%
7 Denmark
35%
7 Estonia
35%
6 Gambia
35%
28 Democratic Republic of the Congo
34%
7 Germany
34%
6 Kosovo
34%
6 Mexico
34%
6 Tuvalu
34%
6 Taiwan
33%
6 Uganda
33%
6 Panama
32%
6 Poland
32%
7 Uruguay
32%
8 Zimbabwe
32%
6 Rwanda
31%
6 Serbia
31%
7 Bolivia
30%
7 Ecuador
30%
7 Croatia
29%
28 Saint Vincent and the Grenadines
29%
11 Afghanistan
28%
7 Eritrea
28%
7 Hungary
28%
6 Monaco
27%
10 Azerbaijan
26%
20 Bosnia and Herzegovina
26%
7 Burundi
26%
7 Georgia
26%
7 Jamaica
26%
6 Malawi
26%
7 Ukraine
26%
7 Vanuatu
26%
18 United Arab Emirates
25%
9 Argentina
24%
8 Bulgaria
24%
7 Comoros
24%
12 United States
24%
9 Australia
23%
8 Colombia
23%
27 Federated States of Micronesia
23%
9 Venezuela
23%
8 Barbados
22%
13 Liechtenstein
22%
8 Djibouti
21%
7 Grenada
21%
7 Lebanon
21%
13 United Kingdom
21%
8 Cambodia
20%
7 Moldova
20%
10 North Korea
20%
7 Romania
20%
18 Saint Kitts and Nevis
20%
10 South Korea
20%
17 Antigua and Barbuda
19%
7 Morocco
19%
7 Nigeria
19%
7 Somalia
19%
10 Uzbekistan
19%
22 Central African Republic
18%
8 Dominica
18%
17 Dominican Republic
18%
8 Honduras
18%
18 Republic of the Congo
18%
7 Tunisia
18%
12 Turkmenistan
18%
8 Cameroon
17%
7 Myanmar
17%
8 Portugal
17%
18 São Tomé and Príncipe
17%
8 Botswana
16%
8 Ethiopia
16%
10 Tajikistan
16%
8 Thailand
16%
9 Costa Rica
15%
13 Czech Republic
15%
9 Indonesia
15%
7 Lesotho
15%
7 Liberia
15%
8 Maldives
15%
7 Namibia
15%
8 Pakistan
15%
14 Papua New Guinea
15%
8 Slovakia
15%
8 Slovenia
15%
11 South Africa
15%
8 Suriname
15%
11 Switzerland
15%
17 Trinidad and Tobago
15%
8 Eswatini
14%
10 Luxembourg
14%
8 Paraguay
14%
8 Sri Lanka
14%
10 Bangladesh
13%
10 El Salvador
13%
9 Guatemala
13%
12 Guinea-Bissau
13%
10 Kazakhstan
13%
8 Kiribati
13%
8 Mongolia
13%
10 Montenegro
13%
14 North Macedonia
13%
9 San Marino
13%
11 Saudi Arabia
13%
9 Singapore
13%
10 South Sudan
13%
8 Tanzania
13%
11 Vatican City
13%
16 Equatorial Guinea
12%
10 Madagascar
12%
8 Malaysia
12%
11 Netherlands
12%
7 Senegal
12%
11 Burkina Faso
11%
15 Marshall Islands
11%
9 Nicaragua
11%
14 Solomon Islands
11%
9 Cape Verde
10%
9 East Timor
10%
10 Kyrgyzstan
10%
9 Lithuania
10%
10 Mauritania
10%
9 Mauritius
10%
10 Saint Lucia
10%
11 Philippines
9%
10 New Zealand
8%
10 Seychelles
8%
11 Sierra Leone
6%
10 Ivory Coast
5%
10 Mozambique
5%
No matching quizzes found
Score Distribution
Percent of People with Each Score
Percentile by Number Answered
Your Score History
You have not taken this quiz since the last reset